Focus sur: Fíli - Tolkien - Statistiques

Statistiques générales
  • Ce quiz a été pris 31 fois
  • Le résultat moyen est 8 sur 10
Statistiques - réponses
Informations recherchées Réponses % Correct
Couleur des cheveux Blond
100%
Première apparition Le Hobbit
100%
Espèce Nain
100%
Age durant lequel il vécut Troisième
96%
Groupe auquel il appartient Compagnie de Thorin
93%
Royaume Erebor
93%
Maison (lignée) Durin
82%
Frère Kíli
82%
Mère Dís
43%
Acteur l'interprétant dans les films Dean O'Gorman
18%
Aucun quiz correspondant
Distribution des résultats
% des personnes avec chaque résultat
Percentile par nombre de réponses
Votre historique - résultats
Vous n’avez pas pris ce quiz